Nové prístupy k funkčnej diagnostike kardiovaskulárnych ochorení

Bibliographic Details
Main Authors: Lacko, Anton, 1951- (Author), Bestvina, Dušan, 1947- (Author), Starka, Ján (Author), Urban, Miroslav (Author), Hruboň, Antonín, 1966- (Author), Penjak, Martin (Author), Zliechovcová, Agnesa (Author), Fabčinová, Gabriela (Author), Machynka, Peter (Author), Záň, Jozef (Author)
Format: Book
Language:Slovak
PhysicalDescription:157 s. grafy, sch., tab. 21 cm
Published: Ružomberok Katolícka univerzita 2004
ISBN:808903960X
Edition:[1. vyd.]
Series:Studia Scientifica Facultatis Paedagogicae = Vedecké štúdie Pedagogickej fakulty č. 56
Subjects:

MARC

LEADER 00000nam a2200000 a 4500
001 vtls001496449
003 SK-MaSNL
005 20260302073822.0
008 171201s2004 xo dl d p 000 0 slo
015 |a SNBA2005/04-01371 
020 |a 808903960X  |q (brož.) 
040 |a SNK  |b slo  |c SNK  |e AACR2 
041 0 |a slo 
044 |a xo  |c SK 
072 7 |a 616  |x Patológia. Klinická medicína  |2 konspekt 
080 |a 616-072.7  |2 MDT-MRF 
080 |a (075.8)  |2 MDT-MRF 
080 |a 616.1  |2 MDT-MRF 
245 0 0 |a Nové prístupy k funkčnej diagnostike kardiovaskulárnych ochorení  |c Anton Lacko ... [et al.] 
250 |a [1. vyd.] 
260 |a Ružomberok  |b Katolícka univerzita  |c 2004 
300 |a 157 s.  |b grafy, sch., tab.  |c 21 cm 
490 1 |a Studia Scientifica Facultatis Paedagogicae  |a = Vedecké štúdie Pedagogickej fakulty  |v č. 56 
500 |a Obsahuje bibliografiu 
650 0 7 |a kardiovaskulárne choroby  |2 SNKPH  |9 2500 
650 0 7 |a funkčná diagnostika (medicína)  |2 SNKPH  |9 73198 
655 7 |a učebnice vysokých škôl  |2 SNKPH  |9 70191 
700 1 |a Lacko, Anton,  |d 1951-  |4 aut  |9 199013 
700 1 |a Bestvina, Dušan,  |d 1947-  |4 aut  |9 7944 
700 1 |a Starka, Ján  |4 aut  |9 738680 
700 1 |a Urban, Miroslav  |4 aut  |9 382134 
700 1 |a Hruboň, Antonín,  |d 1966-  |4 aut  |9 21937 
700 1 |a Penjak, Martin  |4 aut  |9 738681 
700 1 |a Zliechovcová, Agnesa  |4 aut  |9 738682 
700 1 |a Fabčinová, Gabriela  |4 aut  |9 738683 
700 1 |a Machynka, Peter  |4 aut  |9 357498 
700 1 |a Záň, Jozef  |4 aut  |9 357496 
810 2 |a Katolícka univerzita v Ružomberku.  |b Pedagogická fakulta  |t Studia Scientifica Facultatis Paedagogicae  |9 305510 
919 |a 80-89039-60-X 
958 |a OND 
968 |d 61 
999 |c 1162547  |d 1164477 
952 |a SNK  |b SNK  |y PREZ  |7 0  |p 17A0458532  |o snkSC 119039  |i snk2005/2530  |8 0  |0 0  |1 0  |4 0  |d 2005-02-21  |l 0  |r 2025-05-28 00:00:00  |w 2026-02-24 
952 |a SNK  |b SNK  |y VYP  |7 0  |p 17A0458539  |o snkSC 119039 D1  |i snk2005/2531  |8 0  |0 0  |1 0  |4 0  |d 2005-02-21  |l 0  |r 2026-02-24 20:38:17  |w 2026-02-24